Pays du Monde commençant par AF, AL, AN, AR, AU - Statistiques

Statistiques générales
  • Ce quiz a été pris 599 fois
  • Le résultat moyen est 11 sur 13
Statistiques - réponses
Réponse % Correct
Afghanistan
96%
Australie
92%
Allemagne
91%
Arménie
91%
Afrique du Sud
90%
Albanie
90%
Autriche
87%
Angola
85%
Argentine
84%
Algérie
83%
Andorre
77%
Arabie Saoudite
61%
Antigua-et-Barbuda
60%
Aucun quiz correspondant
Distribution des résultats
% des personnes avec chaque résultat
Percentile par nombre de réponses
Votre historique - résultats
Vous n’avez pas pris ce quiz